LEADER 01238nam a2200301 i 4500 001 000000140676 003 CaOOAMICUS 005 20050623000000.0 008 050623s1979 it u000 u ita u 013 $a114877 040 $aSeMil$bita 100 1 $aPrezzolini, Giuseppe,$d<1882-1982>.$0(OLS)http://semarc/name/2642 245 10$aDio è un rischio /$cGiuseppe Prezzolini. 250 $a6. ed. annotata, ampliata, corretta, con l'aggiunta di sei lettere inedite. 260 $aMilano :$bRusconi,$c1979. 300 $a244 p. ;$c22 cm. 650 4$aDio - Letteratura.$0(OLS)http://semarc/subject/17918 650 4$aDio - Esistenza - Problemi.$0(OLS)http://semarc/subject/12040 700 1 $aAbbagnano, Nicola,$d<1901-1990>.$0(OLS)http://semarc/name/17 700 0 $aPaulus VI,$c.$0(OLS)http://semarc/name/803 850 $aSeMil 852 $aSeMil$W1$xVenegono$y1$m2R I 326$j93993$B93993$CSeMilBibl$Z2$F99457 $81 900 1 $aMontini, Giovanni Battista,$d<1897-1978>. 900 0 $aPaolo VI$c. 996 $6245$aDio è un rischio$9(OLS)http://semarc/title/205535 996 $6260$aMilano :$bRusconi$9(OLS)http://semarc/publisher/30258 LEADER 01425nam a2200265 i 4500 001 000000021936 003 CaOOAMICUS 005 20190924095119.0 008 180830s1994 fr u000 u und u 040 $aSeMil$bita 100 1 $aBernard, Charles-André,$c.$0(OLS)http://semarc/name/774 245 13$aLe Dieu des mystiques /$cCharles-André Bernard. 260 $aParis :$bLes Éditions du Cerf,$c1994-2000. 300 $a3 v. ;$c24 cm. 650 4$aMistica cristiana.$0(OLS)http://semarc/subject/911 650 4$aMistica cristiana - Storia.$0(OLS)http://semarc/subject/1002 650 4$aTeologia spirituale.$0(OLS)http://semarc/subject/719 650 4$aMistica.$0(OLS)http://semarc/subject/1496 774 0 $aBernard, Charles-André $tVoies de l'intériorité.$dParis : Les Éditions du Cerf, 1994.$kThéologies$z2-204-04740-6$g1$w()96870 774 0 $aBernard, Charles-André $tConformation au Christ.$dParis : Les Éditions du Cerf, 1998.$kThéologies$z2-204-05847-5$g2$w()184378 774 0 $aBernard, Charles-André $tMystique et action.$dParis : Les Éditions du Cerf, 2000.$kThéologies$z2-204-06411-4$g3$w()184379 830 0$aThéologies.$0(OLS)http://semarc/title/9365 996 $6245$aLe Dieu des mystiques$9(OLS)http://semarc/title/29143 996 $6260$aParis :$bLes Éditions du Cerf$9(OLS)http://semarc/publisher/29611